MARC
| LEADER | 000000000a22000000004500 | ||
|---|---|---|---|
| 001 | 003408 | ||
| 020 | |a 9507423818 | ||
| 041 | 0 | |a spa | |
| 082 | 0 | 4 | |a Ar863.4 |b S631m |
| 100 | 1 | |a Slavuski, Victoria | |
| 245 | 1 | 0 | |a Música para olvidar una isla / |c Victoria Slavuski. |
| 260 | 1 | |a Buenos Aires, Argentina : |b Planeta, |c c1993. | |
| 300 | |a 348 páginas | ||
| 500 | |a Colección George Yudice | ||
| 650 | 4 | |a LITERATURA ARGENTINA | |
| 650 | 4 | |a NOVELA | |
| 999 | |c 9635 |d 9635 | ||
| 942 | |c BK |h Ar863.4 S631m |2 z | ||



